000 00323nam a22001337a 4500
008 170214b xxu||||| |||| 00| 0 eng d
020 _a9781878812575
041 _aeng
080 _24TH
_a61
100 _a4
101 _aSHM
245 _aMANAGING HEALTH SERVICES ORGANIZATIONS AND SYSTEMS
_cLONGEST, B.B
942 _2udc
_cBK
999 _c5456
_d5456